00626nam a2200181Ia 4500008004100000020002200041050001500063100001600078245011300094250000700207260003400214300001600248440002200264650001400286700003500300952009200335999001700427120626s9999 xx 000 0 und d a978-970-07-7312-4 aB430.A8 G6 aARISTOTELES aÉtica nicomaquea; política /Aristoteles; versión española e intoducción de Antonio Gómez Robledo a22 aMéxico : EDITORIAL PORRÚA aXXX, 421 p. a(sepan cuantos70) a1.- ETICA aGÓMEZ ROBLEDO ANTONIO tr.Ì 00104070a09b09d2012-01-09l0oB430.A8 G6p09 004342r2012-06-26t1w2012-06-26yLB c64899d64899